00563nam a2200205Ia 4500003000400000005001700004008004100021020002200062040000700084041000800091082001300099100002500112245009400137260004000231300001600271365001400287440002600301650001500327650001500342OSt20230511091833.0210423s2014 xx 000 0 und d a978-81-309-2451-9 cAL aeng a150 BEIV aBEINS (Bernard C) Ed aViva facts on file: handbok of psychology; developmental psychology V 5cSHELLEY (Lynn M) aNew DelhibViva Books Pvt Ltdc2014 aix,158pbPB b1856cINR aViva facts on filev5 aPhilosophy aPsychology